Les doublets de Saint Thomas d'Aquin. Leur étude méthodique quelques réflexions, quelques exemples

Zapisane w:
Opis bibliograficzny
1. autor: Guibert, Joseph de (Autor)
Format: Książka
Język:francuski
Wydane: París Gabriel Beauchesne 1926
Hasła przedmiotowe:
Etykiety: Dodaj etykietę
Nie ma etykietki, Dołącz pierwszą etykiete!

MARC

LEADER 00000nam a2200000 a 4500
001 UCZ4837
003 CL-VaPUC
008 951110e19260000FR |||||||||||||||||fre|d
082 0 4 |a 189.4  |b GUI  |2 21 
100 0 |a Guibert, Joseph de  |e author  |9 348821 
245 1 4 |a Les doublets de Saint Thomas d'Aquin. Leur étude méthodique quelques réflexions, quelques exemples 
300 |a 164 p 
942 |c BK 
945 |d 19951110 00:00:00  |a lriquelm 
260 |a París  |b Gabriel Beauchesne  |c 1926 
600 0 |a Tomás de Aquino  |d 1220-1274  |c Santo  |9 255832 
650 0 |a Escolasticismo  |9 264998 
650 0 |a Creencia Religiosa  |9 316904 
650 0 |a Teología   |9 258766 
650 7 |a DOCTRINAS RELIGIOSAS  |2 CL-VaPUC  |9 337177 
583 |a last modification  |c 19951110 00:00:00  |k Rodrigo Vera 
999 |c 241200  |d 241198 
952 |0 0  |1 0  |4 0  |6 189_400000000000000_GUI_1926  |7 0  |8 P  |9 253390  |a BIBEDU  |b BIBEDU  |c BIBEDU_PB  |d 2019-11-19  |i 1572164  |o 189.4 GUI 1926  |p 1572164  |r 2024-01-25  |w 2019-11-19  |y BK  |k FIL